Statystyki dla Zdobywcy Złotej Piłki

Kliknij tutaj aby rozwiązać quiz!

Ogólne statystyki

  • Ten quiz został rozwiązany 206 razy
  • Średni wynik to 27 z 63

Statystyki odpowiedzi

RokPiłkarz% Poprawnych
2012Messi
99%
2015Messi
99%
2009Messi
99%
2010Messi
99%
2011Messi
99%
2002Ronaldo
98%
1997Ronaldo
98%
2018Modrić
91%
2008Cristiano Ronaldo
88%
2013Cristiano Ronaldo
88%
2014Cristiano Ronaldo
88%
2016Cristiano Ronaldo
88%
2017Cristiano Ronaldo
88%
2005Ronaldinho
81%
2007Kaka
78%
1998Zidane
64%
2006Cannavaro
60%
1999Rivaldo
55%
1963Jaszyn
45%
1972Beckenbauer
44%
1976Beckenbauer
44%
1971Cruyff
44%
1973Cruyff
44%
1974Cruyff
44%
2000Figo
44%
1987Gullit
44%
1988Van Basten
43%
1989Van Basten
43%
1992Van Basten
43%
1984Platini
39%
1985Platini
39%
1983Platini
39%
2001Owen
38%
1957Di Stefano
35%
1965Eusebio
35%
2004Szewczenko
35%
1968Best
34%
2003Nedved
34%
1993Baggio
32%
1970Muller
31%
1995Weah
27%
1990Matthaus
25%
1966Charlton
23%
1960Suarez
23%
1994Stoiczkow
20%
1958Kopa
14%
1982Rossi
14%
1996Sammer
14%
1956Matthews
13%
1991Papin
13%
1981Rummenigge
13%
1980Rummenigge
13%
1979Keegan
10%
1978Keegan
10%
1975Błochin
9%
1967Albert
8%
1964Law
8%
1962Masopust
8%
1986Biełanow
7%
1969Rivera
7%
1977Simonsen
6%
1961Sivori
6%
1959Stefano
1%

Rozkład punktacji

Percentyl według liczby udzielonych odpowiedzi

Procent ludzi z każdym wynikiem

Twoja historia wyników

Nie rozwiązałeś tego quizu